Problemas de electrónica con soluciones
Gespeichert in:
| 1. Verfasser: | |
|---|---|
| Format: | Buch |
| Sprache: | Spanisch |
| Veröffentlicht: |
Zaragoza
Acribia
1968
|
| Schlagworte: | |
| Tags: |
Tag hinzufügen
Keine Tags, Fügen Sie den ersten Tag hinzu!
|
MARC
| LEADER | 00000nam a2200000 a 4500 | ||
|---|---|---|---|
| 001 | UCU5643 | ||
| 003 | CL-VaPUC | ||
| 008 | 960604e19680000SP |||||||||||||||||spa|d | ||
| 082 | 0 | 4 | |a 621.381 |b BEN |2 21 |
| 100 | 0 | |a Benson, F. A |e author |9 363601 | |
| 245 | 1 | 0 | |a Problemas de electrónica con soluciones |
| 300 | |a 330 p | ||
| 942 | |c BK | ||
| 945 | |d 19960604 00:00:00 |a paguirre | ||
| 260 | |a Zaragoza |b Acribia |c 1968 | ||
| 650 | 0 | |a Electrónica |9 263192 | |
| 650 | 0 | |a Circuitos eléctricos |9 260262 | |
| 650 | 7 | |a DISPOSITIVOS SEMICONDUCTORES |2 CL-VaPUC |9 361201 | |
| 650 | 0 | |a Amplificadores |9 338119 | |
| 650 | 0 | |a Voltaje |9 362861 | |
| 650 | 7 | |a TUBOS ELECTRONICOS |2 CL-VaPUC |9 363602 | |
| 583 | |a last modification |c 19960604 00:00:00 |k Rodrigo Vera | ||
| 999 | |c 248884 |d 248882 | ||
| 952 | |0 0 |1 0 |4 0 |6 621_381000000000000_BEN_1968 |7 0 |8 A |9 265806 |a BIBING |b BIBING |d 2019-11-19 |i 1676784 |o 621.381 BEN 1968 |p 1676784 |r 2025-01-20 |w 2019-11-19 |y BK |k ING | ||